000 00329nam a2200145Ia 4500
008 230718s9999 xx 000 0 und d
041 _aEng.
082 _a345.4
_bMAL-U
100 _aMalik,M.A
245 0 _aUrban rent restriction
260 _aPakistan
_bPLD PUBLISHERS
_c1998
300 _a134
650 _aLaw
999 _c30470
_d30470